Selected works of Jawaharlal Nehru, vol.80 (1 December 1962 - 31 January 1963) (Record no. 512218)

000 -LEADER
fixed length control field 00595nam a22001457a 4500
020 ## - INTERNATIONAL STANDARD BOOK NUMBER
International Standard Book Number 9780190121365
082 ## - DEWEY DECIMAL CLASSIFICATION NUMBER
Classification number A99 N315\80
245 ## - TITLE STATEMENT
Title Selected works of Jawaharlal Nehru, vol.80 (1 December 1962 - 31 January 1963)
Statement of responsibility, etc edited by Madhavan K. Palat
260 ## - PUBLICATION, DISTRIBUTION, ETC. (IMPRINT)
Place of publication, distribution, etc New Delhi
Name of publisher, distributor, etc Jawaharlal Nehru Memorial Fund
Date of publication, distribution, etc 2019
300 ## - PHYSICAL DESCRIPTION
Extent xxviii, 866p.
650 ## - SUBJECT ADDED ENTRY--TOPICAL TERM
Topical term or geographic name as entry element India -- Sources -- Foreign relations -- 1947
9 (RLIN) 13363
650 ## - SUBJECT ADDED ENTRY--TOPICAL TERM
Topical term or geographic name as entry element India -- Sources -- Politics and government -- 1947-
9 (RLIN) 13364
650 ## - SUBJECT ADDED ENTRY--TOPICAL TERM
Topical term or geographic name as entry element India -- Sources -- History -- 1947-
9 (RLIN) 13365
650 ## - SUBJECT ADDED ENTRY--TOPICAL TERM
Topical term or geographic name as entry element Nehru, Jawaharlal, -- 1889-1964
9 (RLIN) 13366
Holdings
Withdrawn status Lost status Source of classification or shelving scheme Damaged status Koha normalized classification for sorting Not for loan Permanent location Current location Date acquired Full call number Barcode Date last seen Price effective from Koha item type
        A_99_000000000000000_N31580   Indian Institute of Public Administration Indian Institute of Public Administration 2019-11-15 A99 N315\80 88267 2019-11-15 2019-11-15 Book

Powered by Koha